English Football Teams Relegated 24/25 - Statistics

General Stats
  • This quiz has been taken 21 times
  • The average score is 10 of 24
Answer Stats
League Answer % Correct
Premier League Ipswich Town
100%
Premier League Leicester City
100%
Premier League Southampton
100%
Championship Luton Town
89%
Championship Plymouth Argyle
84%
Championship Cardiff City
74%
League One Cambridge United
68%
League One Crawley Town
58%
League One Bristol Rovers
53%
League Two Carlisle United
53%
League Two Morecambe
53%
League One Shrewsbury Town
47%
National League Ebbsfleet United
32%
National League Wealdstone
26%
National League Maidenhead United
21%
National League AFC Fylde
16%
National League North Farsley Celtic AFC
11%
National League South St Albans
11%
National League North Warrington Town
11%
National League South Welling United
11%
National League South Weymouth
11%
National League South Aveley
5%
National League North Needham Market
5%
National League North Rushall Olympic
5%
No matching quizzes found
Score Distribution
Percent of People with Each Score
Percentile by Number Answered
Your Score History
You have not taken this quiz